Análisis económico input-output / (Record no. 28749)

MARC details
000 -LEADER
campo de control de longitud fija 00618nam a22002177a 4500
001 - NÚMERO DE CONTROL
campo de control 00028716
005 - FECHA Y HORA DE LA ÚLTIMA TRANSACCIÓN
campo de control 20260406123705.0
008 - DATOS DE LONGITUD FIJA--INFORMACIÓN GENERAL
campo de control de longitud fija 260406b ag ||||| |||| 00| 0 spa d
020 ## - NÚMERO INTERNACIONAL ESTÁNDAR DEL LIBRO
Número Internacional Estándar del Libro 8439521944
040 ## - FUENTE DE CATALOGACIÓN
Centro catalogador/agencia de origen AR-CcCEOS
Lengua de catalogación Español; Castellano
Centro/agencia transcriptor AR-CcCEOS
041 ## - CÓDIGO DE IDIOMA
Código de lengua del texto/banda sonora o título independiente Español; Castellano
080 ## - NÚMERO DE LA CLASIFICACIÓN DECIMAL UNIVERSAL
Número de la Clasificación Decimal Universal 33
090 ## - LOCALMENTE ASIGNADO TIPO-LC NÚMERO DE CLASIFICACIÓN (OCLC); NÚMERO DE CLASIFICACIÓN LOCAL (RLIN)
Número cutter local (OCLC) ; Número de libro/Signatura topográfica íntegra, CALL (RLIN) LEO
100 1# - ENTRADA PRINCIPAL--NOMBRE DE PERSONA
Nombre de persona Leontief, Wassily,
Fechas asociadas al nombre 1906-1999
9 (RLIN) 1026
245 ## - MENCIÓN DEL TÍTULO
Título Análisis económico input-output /
Mención de responsabilidad, etc. Wassily Leontief
260 ## - PUBLICACIÓN, DISTRIBUCIÓN, ETC.
Lugar de publicación, distribución, etc. Barcelona :
Nombre del editor, distribuidor, etc. Planeta,
Fecha de publicación, distribución, etc. c1993.
300 ## - DESCRIPCIÓN FÍSICA
Extensión 359 p. ;
Dimensiones 24x15 cm.
490 ## - MENCIÓN DE SERIE
Designación de volumen o secuencia Obras Maestras del Pensamiento Contemporáneo ; 26
655 #0 - TERMINO DE INDIZACIÓN--GENERO/FORMA
Datos o término principal de género/forma literatura
9 (RLIN) 19
942 ## - ELEMENTOS DE ENTRADA SECUNDARIOS (KOHA)
Fuente de la clasificación o esquema de estantería Clasificación decimal universal
Tipo de ítem Koha Libros
Suprimir en OPAC No
Holdings
Estatus retirado Estado de pérdida Fuente de la clasificación o esquema de estantería Estado de daño No para préstamo Biblioteca de origen Biblioteca actual Fecha de adquisición Número de inventario Total de préstamos Signatura topográfica completa Información codificada de la localización en otra ubicación Colección Código de barras Visto por última vez Precio de reemplazo Tipo de ítem Koha
    Clasificación decimal universal     Biblioteca Julio Serebrinsky Biblioteca Julio Serebrinsky 06/04/2026 46250   33 LEO SER 46250 06/04/2026 06/04/2026 Libros